Comedias y comentarios
Salvato in:
| Autore principale: | |
|---|---|
| Natura: | Libro |
| Lingua: | spagnolo |
| Pubblicazione: |
Madrid
Rialp
1961
|
| Edizione: | 1a. ed |
| Serie: | Libros de Cine. Serie A, 1
|
| Soggetti: | |
| Tags: |
Aggiungi Tag
Nessun Tag, puoi essere il primo ad aggiungerne!!
|
MARC
| LEADER | 00000cam a2200000 a 4500 | ||
|---|---|---|---|
| 001 | UCV8454 | ||
| 003 | CL-VaPUC | ||
| 008 | 910807e19610000SP |||||||||||||||||spa|d | ||
| 082 | 0 | 4 | |a 791.4309 |b CLA |2 21 |
| 100 | 0 | |a Clair, René |e author |9 302504 | |
| 245 | 1 | 0 | |a Comedias y comentarios |
| 250 | |a 1a. ed | ||
| 300 | |a 493 p | ||
| 942 | |c BK | ||
| 945 | |d 19910807 00:00:00 | ||
| 260 | |a Madrid |b Rialp |c 1961 | ||
| 650 | 0 | |a Productores y directores de cine |9 266427 | |
| 583 | |a last modification |c 20190402 09:13:27 |k Rodrigo Vera | ||
| 490 | 0 | |a Libros de Cine. Serie A, 1 | |
| 999 | |c 213967 |d 213965 | ||
| 952 | |0 0 |1 0 |3 erd |4 0 |6 791_430900000000000_CLA_1961 |7 0 |8 A |9 196903 |a BIBART |b BIBART |i 5475570 |l 1 |o 791.4309 CLA 1961 |p 5475570 |r 2025-03-13 |s 2022-04-20 |w 2019-11-14 |y BK |z Catalogado en:20180615 |k ART | ||